O rapaz que vivia na televisão (Registo nº 87)
[ vista simples ]
| 000 -Etiqueta do registo | |
|---|---|
| Cabeçalho | 00729cam a2200289 4500 |
| 005 - Identificador da versão | |
| Campo de controlo | 20240813121754.0 |
| 095 ## - | |
| -- | PTBN00510741 |
| 010 ## - Número internacional normalizado dos livros (ISBN) | |
| Número (ISBN) | 9723606208 |
| 021 ## - Número do Depósito Legal | |
| Código do país | PT |
| Número | 184967/02 |
| 035 ## - Other System Control Numbers | |
| System Control Number | 0000091 |
| System Control Number | 0000091 |
| System Control Number | 0000091 |
| System Control Number | 0000091 |
| 100 ## - Dados gerais de processamento | |
| Dados gerais de processamento | d cd y0pory5003 ba |
| 102 ## - Pais de publicação ou produção | |
| País de publicação | Portugal |
| 101 0# - Língua de publicação | |
| Língua do texto, banda sonora, etc. | Português |
| Língua do documento no original | Português |
| 105 ## - Campo de dados codificados: livros | |
| Dados codificados dos livros | a z 000fy |
| 215 ## - Descrição física | |
| Indicação específica da natureza do documento e extensão da espécie | 38 |
| 200 1# - Titulo e menção de responsabilidade | |
| Título próprio | O rapaz que vivia na televisão |
| Informação de outro título | e outras histórias |
| Primeira menção de responsabilidade | Luísa Ducla Soares |
| 225 2# - Colecção | |
| Título próprio da colecção | Tretas e Letras |
| Indicação de volume | 32 |
| 210 ## - Publicação, Distribuição, etc. | |
| Lugar da edição, distribuição, etc. | Porto |
| Nome do editor, distribuidor, etc. | Edições Afrontamento |
| Data da publicação, distribuição, etc. | 2002 |
| 700 ## - Nome de autor-pessoa física (responsabilidade principal) | |
| Número de registo de entrada de autoridade | 0001967 |
| Palavra de ordem | Soares |
| Outra parte do nome não tomada para palavra de ordem | Luisa Ducla |
| 966 ## - Identificação da Biblioteca | |
| Sigla | NUMETECA |
| 942 ## - Elementos de entrada adicionados (Koha) | |
| Tipo de item no Koha | Livro |
| Situação do levantamento | Origin of item (home branch) (coded) | Biblioteca de empréstimo | Código de barras | Cota | Circulation type (not for loan) | Tipo de documento | Nota do exemplar | Damaged status |
|---|---|---|---|---|---|---|---|---|
| Biblioteca Escolar Eng. Nuno Mergulhão | Biblioteca Escolar Eng. Nuno Mergulhão | BENM884 | 8POR SOA | Livro | Sem mensagem |
